000 00513nam a22001697a 4500
999 _c9030
_d9030
008 210319b ||||| |||| 00| 0 eng d
040 _aBMS College of Architecture
100 _aBhansali, Priyanka
245 _aSos children 's Village
300 _a57p.
500 _a1BM04AT023
502 _8B.Arch
_NBMS College of Architecture, Visvesvaraya Technological University
_aProject report
_d2013
650 _aChildren
700 _aAjaichandran C K
_eGuide
700 _aBhagyalaxmi M
_eGuide
942 _2ddc
_cTHE